00676nam a2200193Ia 4500008004100000020001300041082001500054100002300069245006700092250000700159260004100166300002900207500001900236600002100255650005000276942000700326952013400333999001500467240925s9999 xx 000 0 und d a70495491 a005.73 LIP aLipschutz, Seymour 0aSchaum's Outline Series Theory and Problems of Data Structures aNA aNew Delhi:bTata McGraw Hillc,1986. axxii,736p.bNAfOriginal aIncludes Index aComputer Science aComputer science, information & general works cBK 001040708CSaUITUbUITUd2005-04-04eParamount Book Pvt Ltdg896.50l0o005.73 LIPpQ6182r2024-09-25 07:14:06w2024-09-25yBK c8681d8681